| 000 | 01189cam a22003375a 4500 | ||
|---|---|---|---|
| 001 | 017418973 | ||
| 003 | EG-ScBUE | ||
| 005 | 20220906104712.0 | ||
| 008 | 150624t2015 inua f b 001 0 eng d | ||
| 020 | _a9781119044611 (paperback) | ||
| 040 |
_aStDuBDS _beng _erda _cStDuBDS _dEG-ScBUE |
||
| 082 | 0 | 4 |
_a720.2840285536 _bKRY _222 |
| 100 | 1 |
_aKrygiel, Eddy, _d1972- _eauthor. |
|
| 245 | 1 | 0 |
_aMastering autodesk revit architecture 2016 / _cby Eddy Krygiel, James Vandezande. |
| 264 | 1 |
_aIndianapolis : _bJohn Wiley & Sons, _c[2015] |
|
| 264 | 4 | _cc2015 | |
| 300 |
_axxxiii, 971 pages : _billustrations ; _c24 cm. |
||
| 336 |
_2rdacontent _atext _btxt |
||
| 337 |
_2rdamedia _aunmediated _bn |
||
| 338 |
_2rdacarrier _avolume _bnc |
||
| 490 | 0 | _aAutodesk official training guide | |
| 504 | _aIncludes bibliographical references and index. | ||
| 630 | 0 | 7 |
_aAutodesk Revit. _2BUEsh |
| 650 | 7 |
_aArchitectural drawing _xComputer-aided design. _2BUEsh _925994 |
|
| 650 | 7 |
_aArchitectural design _xData processing. _2BUEsh _92262 |
|
| 651 | _2BUEsh | ||
| 653 |
_bENGARC _cOctober2016 |
||
| 655 |
_vReading book _934232 |
||
| 700 | 1 |
_aVandezande, James, _d1972- _eauthor. _938461 |
|
| 942 |
_2ddc _cBB |
||
| 999 |
_c22671 _d22643 |
||